000 00705nam a2200265Ia 4500
005 20260121170933.0
008 008 260114s9999 xx 000 0 eng d
020 _a9783319685632
037 _aEBOOK
040 _aCRL
040 _beng
040 _cCRL
041 _2eng
041 _aeng
084 _qCRL
100 _aRoger R. Stough, Karima Kourtit, Peter Nijkamp, Uwe Blien
_91070024
245 0 _aModelling Aging and Migration Effects on Spatial Labor Markets
260 _bSpringer
260 _bSpringer
260 _c2018
856 _uhttps://link.springer.com/openurl?genre=book&isbn=978-3-319-68563-2
942 _cEBOOK
999 _c1635754
_d1635754